|
|
|
|
| LEADER |
01268nem a22003132a 4500 |
| 001 |
001424098 |
| 003 |
CZ BrMZK |
| 005 |
20141006140453.0 |
| 007 |
aj canzn |
| 008 |
050725s1975 gw a || ger |
| 034 |
0 |
|
|a b
|
| 040 |
|
|
|a BOA001
|b cze
|
| 044 |
|
|
|a gw
|a xr
|
| 080 |
|
|
|a (084.3)524.3
|2 MRF
|
| 100 |
1 |
|
|a Klepešta, Josef,
|d 1895-1976
|7 jk01060419
|4 ctg
|
| 245 |
1 |
0 |
|a Kosmos-Himmelskarten
|h [kartografický dokument] :
|b nördlicher und südlicher Himmel /
|c Josef Klepešta, A. Rükl
|
| 250 |
|
|
|a 5. Aufl.
|
| 260 |
|
|
|a Stuttgart ;
|b Kosmos-Gesellschaft der Naturfreunde :
|b A. Franckh ;
|a Praha :
|b Kartografie,
|c 1975
|
| 300 |
|
|
|a 2 mapy na 2 listech :
|b barev. ;
|c 88 x 76 cm
|
| 505 |
0 |
0 |
|t Kosmos Himmelskarte des nördlichen Himmels --
|t Kosmos Himmelskarte des nördlichen Himmels
|
| 655 |
0 |
7 |
|a hvězdné mapy
|7 fd132433
|2 czenas
|
| 700 |
1 |
|
|a Rükl, Antonín,
|d 1902-1978
|7 jk01103044
|4 ctg
|
| 710 |
2 |
|
|a Franckh'sche Verlagshandlung (Stuttgart)
|4 pbl
|
| 710 |
2 |
|
|a Kosmos - Gesellschaft der Naturfreunde
|4 pbl
|
| 710 |
2 |
|
|a Kartografie Praha (firma)
|7 kn20010724363
|4 pbl
|
| 910 |
|
|
|a BOA001
|b Skř.9A-0724.355-75
|
| 990 |
|
|
|a MP
|
| 991 |
|
|
|b 201409
|
| 996 |
6 |
|
|b 2619022566
|c Skř.9A-0724.355-75
|l MZK
|r Sklad / do 24 hodin
|n 0
|w 001462987
|u 000010
|a 1
|e BOA001
|j MZK50
|s P
|